[Event "Mindsports Open 4th"]
[Site "London"]
[Date "2024.07.19"]
[Round "3.11"]
[White "Josse, Mark"]
[Black "Verbytski, Oleg"]
[Result "1/2-1/2"]
[WhiteElo "2150"]
[BlackElo "2076"]
[PlyCount "95"]
[EventDate "2024.07.18"]
[EventType "swiss"]
[EventRounds "9"]
[EventCountry "ENG"]
[SourceTitle "BritBase"]
[Source "John Saunders"]
[SourceDate "2024.08.27"]
[SourceVersion "1"]
[SourceVersionDate "2024.08.27"]
[SourceQuality "1"]

1. c4 Nf6 2. Nc3 e6 3. d4 d5 4. Bg5 c6 5. e3 h6 6. Bh4 Be7 7. Bd3 O-O 8. Nf3 Nbd7 9. O-O Re8 10. Rc1 dxc4 11. Bxc4 c5 12. h3 a6 13. a4 b6 14. Qb3 Bb7 15. Rfd1 Bxf3 16. gxf3 cxd4 17. Rxd4 Qb8 18. f4 Qb7 19. Bf1 Nc5 20. Qc2 Rad8 21. Rcd1 Rxd4 22. Rxd4 Nd5 23. Bxe7 Nxe7 24. b4 Nd7 25. Qd3 Nb8 26. Rd8 Kf8 27. Qd6 Nbc6 28. Rd7 Qb8 29. b5 axb5 30. axb5 Na5 31. Na4 Qxd6 32. Rxd6 Nc8 33. Rd3 Ke7 34. Ra3 Nb7 35. Rc3 Na5 36. Rc7+ Kf6 37. Bg2 Rd8 38. Bf3 g6 39. Kg2 Kg7 40. Bb7 Nd6 41. Bc6 Nxc6 42. bxc6 Rc8 43. Rxc8 Nxc8 44. Kf3 Kf6 45. Nc3 Ke7 46. Nb5 Nd6 47. c7 Nc8 48. Ke4 1/2-1/2

[Event "Mindsports Open 4th"]
[Site "London"]
[Date "2024.07.19"]
[Round "3.12"]
[White "Villiers, Thomas"]
[Black "Dupuis, Denis K"]
[Result "1-0"]
[WhiteElo "2229"]
[BlackElo "2013"]
[PlyCount "85"]
[EventDate "2024.07.18"]
[EventType "swiss"]
[EventRounds "9"]
[EventCountry "ENG"]
[SourceTitle "BritBase"]
[Source "John Saunders"]
[SourceDate "2024.08.27"]
[SourceVersion "1"]
[SourceVersionDate "2024.08.27"]
[SourceQuality "1"]

1. d4 d5 2. c4 e6 3. Nc3 Nf6 4. Bg5 c6 5. e3 Nbd7 6. Nf3 Qa5 7. Bd3 Ne4 8. cxd5 Nxc3 9. bxc3 Qxc3+ 10. Ke2 Qb2+ 11. Nd2 exd5 12. a4 Be7 13. Bxe7 Kxe7 14. a5 Re8 15. Qa4 b5 16. axb6 Qxb6 17. Rhc1 Nb8 18. Qa3+ Kf6 19. Qd6+ Re6 20. Qf4+ Ke7 21. Rab1 Qd8 22. Rxb8 Rxb8 23. Qxb8 Kf8 24. Qxa7 g6 25. Nf3 Re7 26. Qc5 Kg7 27. Qxc6 Bg4 28. h3 Be6 29. Ng5 Bd7 30. Qc5 h6 31. Nf3 Be6 32. Ne5 Rb7 33. Qc6 Rb2+ 34. Rc2 Rb1 35. Ra2 Qb8 36. Bxb1 Qxb1 37. Ra7 Kf6 38. Rxf7+ Kg5 39. Nf3+ Kh5 40. g4+ Bxg4 41. hxg4+ Kxg4 42. Rf4+ Kh3 43. Rh4+ 1-0

[Event "Mindsports Open 4th"]
[Site "London"]
[Date "2024.07.19"]
[Round "3.13"]
[White "O`Gorman, Alice"]
[Black "Sowray, Peter J"]
[Result "0-1"]
[WhiteElo "2003"]
[BlackElo "2194"]
[PlyCount "136"]
[EventDate "2024.07.18"]
[EventType "swiss"]
[EventRounds "9"]
[EventCountry "ENG"]
[SourceTitle "BritBase"]
[Source "John Saunders"]
[SourceDate "2024.08.27"]
[SourceVersion "1"]
[SourceVersionDate "2024.08.27"]
[SourceQuality "1"]

1. e4 e5 2. Nf3 Nc6 3. Bc4 Nf6 4. d4 exd4 5. O-O Nxe4 6. Re1 d5 7. Bxd5 Qxd5 8. Nc3 Qd7 9. Nxe4 Be7 10. Bg5 O-O 11. Bxe7 Qxe7 12. Nxd4 Nxd4 13. Qxd4 b6 14. Nc3 Be6 15. Rad1 Rad8 16. Qe5 c6 17. h3 Rxd1 18. Rxd1 Rd8 19. Rxd8+ Qxd8 20. a4 h6 21. Qf4 Qd7 22. g4 Kh7 23. Kh2 c5 24. b3 a6 25. a5 bxa5 26. Ne4 c4 27. Nc5 Qd5 28. Nxe6 Qxe6 29. Qf3 cxb3 30. cxb3 g6 31. Qc3 Qd6+ 32. Kg2 Qd5+ 33. Kg3 Qb5 34. Qf3 Kg8 35. Qd1 Qe5+ 36. Kg2 Qc3 37. Qd5 Kg7 38. Qb7 Qd3 39. Kh2 Qd4 40. Kg2 a4 41. bxa4 Qxa4 42. Qb2+ Kh7 43. Qc3 Qa2 44. h4 Qd5+ 45. Kg3 a5 46. Qc2 Qe5+ 47. Kh3 Kg7 48. Qa4 Qc3+ 49. Kh2 Qb4 50. Qa1+ Kg8 51. Kg3 a4 52. Qe5 a3 53. Qe8+ Kg7 54. Qe5+ Kh7 55. h5 Qb3+ 56. f3 Qe6 57. hxg6+ Qxg6 58. Qa1 Qd6+ 59. Kh3 Qa6 60. Qb1+ Kg7 61. Qa1+ Kg8 62. Qa2 Qd3 63. Kg3 Qc3 64. g5 Qe5+ 65. f4 Qc3+ 66. Kg4 h5+ 67. Kf5 Qc8+ 68. Kf6 Qe6+ 0-1

[Event "Mindsports Open 4th"]
[Site "London"]
[Date "2024.07.19"]
[Round "3.14"]
[White "Lemos, Damian"]
[Black "Li, Harry"]
[Result "1/2-1/2"]
[WhiteElo "2479"]
[BlackElo "2166"]
[PlyCount "47"]
[EventDate "2024.07.18"]
[EventType "swiss"]
[EventRounds "9"]
[EventCountry "ENG"]
[SourceTitle "BritBase"]
[Source "John Saunders"]
[SourceDate "2024.08.27"]
[SourceVersion "1"]
[SourceVersionDate "2024.08.27"]
[SourceQuality "1"]

1. Nf3 d5 2. b3 Nf6 3. Bb2 Bf5 4. d3 e6 5. Nbd2 h6 6. g3 Bd6 7. Bg2 O-O 8. O-O Nbd7 9. c4 c6 10. a3 a5 11. cxd5 cxd5 12. e4 dxe4 13. dxe4 Bxe4 14. Nxe4 Nxe4 15. Nd4 Ndf6 16. Qe2 Nc5 17. Rfd1 Qb6 18. Nc6 Ne8 19. Ne5 Rd8 20. Nc4 Qa6 21. Qe3 Nd7 22. Rd2 Be7 23. Rad1 Nef6 24. Qc3 1/2-1/2

[Event "Mindsports Open 4th"]
[Site "London"]
[Date "2024.07.19"]
[Round "3.15"]
[White "Antolak, Julia"]
[Black "Eames, Robert S"]
[Result "0-1"]
[WhiteElo "2333"]
[BlackElo "2148"]
[PlyCount "126"]
[EventDate "2024.07.18"]
[EventType "swiss"]
[EventRounds "9"]
[EventCountry "ENG"]
[SourceTitle "BritBase"]
[Source "John Saunders"]
[SourceDate "2024.08.27"]
[SourceVersion "1"]
[SourceVersionDate "2024.08.27"]
[SourceQuality "1"]

1. d4 Nf6 2. c4 c5 3. d5 b5 4. cxb5 a6 5. e3 g6 6. Nc3 Bg7 7. e4 d6 8. a4 O-O 9. Nf3 e6 10. dxe6 fxe6 11. bxa6 d5 12. exd5 exd5 13. Be2 d4 14. Nb5 Nxa6 15. O-O Bf5 16. Bc4+ Kh8 17. Ng5 Qd7 18. Qb3 Nb4 19. Be6 Bxe6 20. Nxe6 Rfc8 21. Nexd4 Nfd5 22. Nf3 c4 23. Qd1 Nd3 24. Nbd4 N5b4 25. Nc2 Rxa4 26. Ra3 Nd5 27. Ne3 Rxa3 28. bxa3 Nc3 29. Qc2 Qa4 30. Qxa4 Nxa4 31. Ng5 Nc3 32. Nf7+ Kg8 33. Nd6 Ne2+ 34. Kh1 Rc6 35. Bd2 c3 36. Bxc3 Rxc3 37. a4 Ra3 38. g3 Rxa4 39. Kg2 Nec1 40. h4 Ra2 41. Ndc4 Bc3 42. Kf3 Be1 43. Ng4 Bc3 44. Nge3 Nb3 45. Ng4 h5 46. Ke3 Nbc5 47. Nh2 Ra4 48. Nd2 Bd4+ 49. Ke2 Bxf2 50. Rxf2 Nxf2 51. Kxf2 Kf7 52. Nhf3 Kf6 53. Ng5 Kf5 54. Nf1 Ne4+ 55. Nxe4 Kxe4 56. Nd2+ Kf5 57. Nf3 Ra2+ 58. Ke3 Kg4 59. Ne5+ Kxg3 60. Nxg6 Ra6 61. Ne5 Rf6 62. Ke4 Rf4+ 63. Ke3 Rxh4 0-1

[Event "Mindsports Open 4th"]
[Site "London"]
[Date "2024.07.19"]
[Round "3.16"]
[White "Rocco, Federico"]
[Black "Fitzsimons, David"]
[Result "0-1"]
[WhiteElo "2146"]
[BlackElo "2320"]
[PlyCount "94"]
[EventDate "2024.07.18"]
[EventType "swiss"]
[EventRounds "9"]
[EventCountry "ENG"]
[SourceTitle "BritBase"]
[Source "John Saunders"]
[SourceDate "2024.08.27"]
[SourceVersion "1"]
[SourceVersionDate "2024.08.27"]
[SourceQuality "1"]

1. e4 c5 2. Nf3 a6 3. g3 Nc6 4. Bg2 Nf6 5. Qe2 d6 6. c3 e5 7. O-O g6 8. Rd1 Bg7 9. h3 O-O 10. d4 exd4 11. cxd4 Re8 12. Nc3 cxd4 13. Nxd4 Bd7 14. Nb3 Be6 15. Nc5 Bc8 16. Be3 Qe7 17. N5a4 Be6 18. Nb6 Rad8 19. Rac1 Nb4 20. b3 Nd7 21. a3 Nxb6 22. Bxb6 Rc8 23. Qb2 Nc6 24. Qb1 Qd7 25. Kh2 Ne7 26. Bd4 Bxd4 27. Rxd4 Qc7 28. Qb2 Qb6 29. Rb4 Qa7 30. e5 d5 31. Rd1 Qc5 32. Na4 Qc7 33. Rb6 Red8 34. f4 Nf5 35. Qf2 h5 36. Rb4 b5 37. Nb2 Qc5 38. Qxc5 Rxc5 39. a4 Rc2 40. Nd3 Rxg2+ 41. Kxg2 Ne3+ 42. Kf3 Nxd1 43. axb5 axb5 44. Rxb5 Bxh3 45. Nc5 Bg4+ 46. Kg2 d4 47. Nb7 Rb8 0-1

[Event "Mindsports Open 4th"]
[Site "London"]
[Date "2024.07.19"]
[Round "3.17"]
[White "Kolani, Arjun"]
[Black "Merriman, John"]
[Result "1/2-1/2"]
[WhiteElo "2124"]
[BlackElo "2251"]
[PlyCount "56"]
[EventDate "2024.07.18"]
[EventType "swiss"]
[EventRounds "9"]
[EventCountry "ENG"]
[SourceTitle "BritBase"]
[Source "John Saunders"]
[SourceDate "2024.08.27"]
[SourceVersion "1"]
[SourceVersionDate "2024.08.27"]
[SourceQuality "1"]

1. e4 e6 2. d4 d5 3. Nc3 Nf6 4. e5 Nfd7 5. Nce2 c5 6. c3 Nc6 7. Nf3 b5 8. Nf4 Qa5 9. Bd2 cxd4 10. cxd4 Qb6 11. Be3 Bb4+ 12. Bd2 Be7 13. Be3 Ba6 14. Bd3 b4 15. h4 Bxd3 16. Qxd3 a5 17. Ng5 g6 18. Rc1 a4 19. Qc2 Ra6 20. Nd3 b3 21. axb3 axb3 22. Qc3 O-O 23. O-O Rc8 24. Nf3 Qb5 25. h5 Nb6 26. Nd2 Na4 27. Qxb3 Qxb3 28. Nxb3 Rb8 1/2-1/2

[Event "Mindsports Open 4th"]
[Site "London"]
[Date "2024.07.19"]
[Round "3.18"]
[White "Navrotescu, Andreea"]
[Black "Shearsby, Jude"]
[Result "1-0"]
[WhiteElo "2246"]
[BlackElo "2130"]
[PlyCount "122"]
[EventDate "2024.07.18"]
[EventType "swiss"]
[EventRounds "9"]
[EventCountry "ENG"]
[SourceTitle "BritBase"]
[Source "John Saunders"]
[SourceDate "2024.08.27"]
[SourceVersion "1"]
[SourceVersionDate "2024.08.27"]
[SourceQuality "1"]

1. d4 Nf6 2. c4 g6 3. g3 Bg7 4. Bg2 O-O 5. Nf3 d6 6. O-O c6 7. Nc3 Qa5 8. e4 Be6 9. Qe2 Qa6 10. b3 Bg4 11. Bb2 Nbd7 12. h3 Bxf3 13. Qxf3 e5 14. Rad1 Rad8 15. Rd2 Qa5 16. dxe5 dxe5 17. Rfd1 Rfe8 18. Rd6 Qc7 19. g4 h6 20. h4 Nh7 21. Qd3 Nhf8 22. Qd2 Re6 23. Rd3 Rde8 24. Ba3 Qa5 25. Na4 Qxd2 26. R3xd2 Nb6 27. Nc5 R6e7 28. g5 hxg5 29. hxg5 Nh7 30. Rd8 Rxd8 31. Rxd8+ Bf8 32. Bh3 Kg7 33. Nd3 Nxg5 34. Bxe7 Bxe7 35. Re8 Nxh3+ 36. Kh2 Nxf2 37. Nxf2 Bg5 38. Nd3 Nd7 39. Kg2 Kf6 40. Kf3 a6 41. Nf2 Bf4 42. Ng4+ Kg5 43. Re7 f5 44. Rxd7 fxg4+ 45. Kg2 c5 46. Rxb7 Bd2 47. Rd7 Bb4 48. Rd5 Kf4 49. Rd6 g5 50. Rxa6 Kxe4 51. a3 Bc3 52. Rd6 Kf4 53. Rd3 Bd4 54. b4 e4 55. Rd2 e3 56. Ra2 cxb4 57. axb4 Bc3 58. c5 Ke5 59. c6 Kd6 60. c7 Kd7 61. Rc2 e2 1-0

[Event "Mindsports Open 4th"]
[Site "London"]
[Date "2024.07.19"]
[Round "3.19"]
[White "Bharat Kumar, Balahari"]
[Black "Verma, Shlok"]
[Result "1-0"]
[WhiteElo "1989"]
[BlackElo "2102"]
[PlyCount "93"]
[EventDate "2024.07.18"]
[EventType "swiss"]
[EventRounds "9"]
[EventCountry "ENG"]
[SourceTitle "BritBase"]
[Source "John Saunders"]
[SourceDate "2024.08.27"]
[SourceVersion "1"]
[SourceVersionDate "2024.08.27"]
[SourceQuality "1"]

1. e4 e6 2. d4 d5 3. Bd3 dxe4 4. Bxe4 Nf6 5. Bf3 c5 6. Ne2 Nc6 7. Be3 cxd4 8. Nxd4 Ne5 9. Nc3 Nxf3+ 10. Qxf3 Bb4 11. O-O-O Qe7 12. Nc6 bxc6 13. Qxc6+ Nd7 14. Qxa8 O-O 15. Qxa7 Bd6 16. Ne4 Bb8 17. Qa3 Qxa3 18. bxa3 Bb7 19. Rxd7 Bxe4 20. f3 Bc6 21. Rd3 Bd5 22. Bc5 Rc8 23. Bb4 Bxa2 24. Rhd1 Bd5 25. h3 Bf4+ 26. Kb2 Re8 27. c3 g5 28. a4 Ra8 29. a5 Kg7 30. Rxd5 exd5 31. Rxd5 Kf6 32. Kb3 Ke6 33. c4 h5 34. Rb5 Be3 35. Bc5 Bd2 36. Bb6 f5 37. Rd5 Bf4 38. Ka4 Rg8 39. Rd8 Rxd8 40. Bxd8 Kd7 41. a6 Kc6 42. c5 g4 43. a7 Kb7 44. Bb6 gxh3 45. gxh3 h4 46. Kb5 Ka8 47. c6 1-0

[Event "Mindsports Open 4th"]
[Site "London"]
[Date "2024.07.19"]
[Round "3.20"]
[White "Adams, Henry"]
[Black "Liu, Tianyi (Jack)"]
[Result "1/2-1/2"]
[WhiteElo "2000"]
[BlackElo "2098"]
[PlyCount "57"]
[EventDate "2024.07.18"]
[EventType "swiss"]
[EventRounds "9"]
[EventCountry "ENG"]
[SourceTitle "BritBase"]
[Source "John Saunders"]
[SourceDate "2024.08.27"]
[SourceVersion "1"]
[SourceVersionDate "2024.08.27"]
[SourceQuality "1"]

1. d4 Nf6 2. Nf3 g6 3. g3 Bg7 4. Bg2 O-O 5. c4 d5 6. cxd5 Nxd5 7. e4 Nb6 8. O-O Bg4 9. d5 Qd7 10. Nc3 c6 11. Bf4 Na6 12. dxc6 Qxd1 13. Rfxd1 bxc6 14. h3 Bxf3 15. Bxf3 Nc5 16. Be3 Ne6 17. Be2 Rfd8 18. Rac1 Nd4 19. Bf1 Rd6 20. Kg2 Rad8 21. b3 e5 22. f3 h5 23. Kf2 Kh7 24. Ne2 Bh6 25. Bxh6 Kxh6 26. Nxd4 Rxd4 27. Rxd4 Rxd4 28. Rxc6 Rd2+ 29. Be2 1/2-1/2

[Event "Mindsports Open 4th"]
[Site "London"]
[Date "2024.07.19"]
[Round "3.21"]
[White "Govindasamy, Nashlen"]
[Black "Patel, Zain"]
[Result "1-0"]
[WhiteElo "2081"]
[BlackElo "1958"]
[PlyCount "103"]
[EventDate "2024.07.18"]
[EventType "swiss"]
[EventRounds "9"]
[EventCountry "ENG"]
[SourceTitle "BritBase"]
[Source "John Saunders"]
[SourceDate "2024.08.27"]
[SourceVersion "1"]
[SourceVersionDate "2024.08.27"]
[SourceQuality "1"]

1. d4 Nf6 2. c4 e6 3. g3 d5 4. Bg2 dxc4 5. Nf3 c5 6. O-O Nc6 7. Qa4 Bd7 8. dxc5 Bxc5 9. Qxc4 Be7 10. a3 Rc8 11. Qa2 O-O 12. b4 e5 13. Nbd2 e4 14. Ng5 Nd4 15. Nb3 Rc2 16. Qb1 Nxe2+ 17. Kh1 Rc8 18. Bb2 Bb5 19. Nxe4 Nxe4 20. Qxe4 Nc3 21. Qxb7 Bxf1 22. Rxf1 Rc7 23. Qf3 Bf6 24. Nc5 Ne4 25. Bxf6 Nxf6 26. Qb3 Re8 27. h3 Rce7 28. Qc4 Re1 29. Rxe1 Rxe1+ 30. Kh2 h6 31. a4 Qd2 32. Ne4 Qd8 33. a5 Nxe4 34. Bxe4 Rd1 35. Qc5 Rd4 36. Bf3 Rd2 37. Qxa7 Rb2 38. Qc5 Qf6 39. Kg2 Ra2 {(=)} 40. Bd5 Ra3 41. Qc4 Rc3 42. Qb5 Ra3 43. Be4 g6 44. Bb7 Ra2 45. Qc5 Qd8 46. a6 Qb8 47. b5 Rb2 48. b6 Qd8 49. Qc8 Qxc8 50. Bxc8 Kf8 51. a7 Ra2 52. b7 1-0

[Event "Mindsports Open 4th"]
[Site "London"]
[Date "2024.07.19"]
[Round "3.22"]
[White "Pandit, Kabir"]
[Black "Pal, Rohan"]
[Result "1/2-1/2"]
[WhiteElo "1950"]
[BlackElo "2077"]
[PlyCount "154"]
[EventDate "2024.07.18"]
[EventType "swiss"]
[EventRounds "9"]
[EventCountry "ENG"]
[SourceTitle "BritBase"]
[Source "John Saunders"]
[SourceDate "2024.08.27"]
[SourceVersion "1"]
[SourceVersionDate "2024.08.27"]
[SourceQuality "1"]

1. c4 e5 2. g3 Nf6 3. Bg2 d5 4. cxd5 Nxd5 5. Nf3 Nc6 6. O-O Nb6 7. Nc3 Be7 8. b3 O-O 9. Bb2 Re8 10. Rc1 Bf8 11. Ne4 Bg4 12. d3 Qd7 13. Nc5 Bxc5 14. Rxc5 Qd6 15. Rc1 Nd4 16. Nxd4 exd4 17. Re1 c6 18. h3 Bh5 19. Qd2 Re7 20. a4 Rae8 21. g4 Bg6 22. a5 Nd7 23. a6 Nc5 24. Ba3 b6 25. Bxc5 bxc5 26. Rc4 f6 27. Qc2 Re5 28. Bf3 Bf7 29. Ra4 Re3 30. Rc1 R3e5 31. Ra5 c4 32. Rxe5 Rxe5 33. bxc4 Ra5 34. Qb2 Rxa6 35. Qb7 Rb6 36. Qxa7 c5 37. Ra1 h5 38. Qa8+ Rb8 39. Qc6 Qxc6 40. Bxc6 hxg4 41. hxg4 Rc8 42. Be4 Kf8 43. Ra7 Be6 44. Bf3 g5 45. Kg2 Bf7 46. Be4 Re8 47. Kg3 Re5 48. f4 gxf4+ 49. Kxf4 Be6 50. Rc7 Ke8 51. Bf3 Kd8 52. Ra7 Ke8 53. Be4 Kf8 54. Bf3 Ke8 55. Rh7 Bf7 56. Bc6+ Kf8 57. Be4 Kg8 58. Rh6 Kg7 59. Rh1 Bg6 60. Bf3 Bf7 61. Re1 Re3 62. g5 fxg5+ 63. Kxg5 Bg6 64. Rd1 Re5+ 65. Kf4 Kf6 66. Ra1 Rf5+ 67. Kg3 Rg5+ 68. Kf2 Re5 69. Ra6+ Re6 70. Ra5 Re5 71. Bd5 Bh5 72. Ra6+ Ke7 73. Be4 Bf7 74. Kf3 Be6 75. Kf4 Rh5 76. Bf3 Rf5+ 77. Ke4 Rg5 1/2-1/2

[Event "Mindsports Open 4th"]
[Site "London"]
[Date "2024.07.19"]
[Round "3.23"]
[White "Merriman, James"]
[Black "Payne, Matthew J"]
[Result "1/2-1/2"]
[WhiteElo "1974"]
[BlackElo "2067"]
[PlyCount "61"]
[EventDate "2024.07.18"]
[EventType "swiss"]
[EventRounds "9"]
[EventCountry "ENG"]
[SourceTitle "BritBase"]
[Source "John Saunders"]
[SourceDate "2024.08.27"]
[SourceVersion "1"]
[SourceVersionDate "2024.08.27"]
[SourceQuality "1"]

1. d4 Nf6 2. c4 g6 3. Nc3 Bg7 4. e4 d6 5. f3 O-O 6. Bg5 c5 7. d5 e6 8. Qd2 h6 9. Be3 exd5 10. cxd5 Re8 11. Nge2 Kh7 12. Ng3 a6 13. a4 Qa5 14. Ra3 Nbd7 15. Be2 Ne5 16. O-O Bd7 17. h3 g5 18. Rc1 c4 19. Nd1 Qxd2 20. Bxd2 Nd3 21. Rxc4 Nc5 22. Bb4 b5 23. Rc2 bxa4 24. Bxc5 dxc5 25. Ne3 Bb5 26. Ngf5 Bf8 27. Nc4 Rad8 28. Re3 Nh5 29. g3 Ng7 30. Nxg7 Bxg7 31. Kf1 1/2-1/2

[Event "Mindsports Open 4th"]
[Site "London"]
[Date "2024.07.19"]
[Round "3.24"]
[White "Cancedda-Dupuis, Livio"]
[Black "Zhang, Junyi"]
[Result "1-0"]
[WhiteElo "2041"]
[BlackElo "1957"]
[PlyCount "103"]
[EventDate "2024.07.18"]
[EventType "swiss"]
[EventRounds "9"]
[EventCountry "ENG"]
[SourceTitle "BritBase"]
[Source "John Saunders"]
[SourceDate "2024.08.27"]
[SourceVersion "1"]
[SourceVersionDate "2024.08.27"]
[SourceQuality "1"]

1. e4 c5 2. Nf3 e6 3. c3 d5 4. exd5 Qxd5 5. d4 Nf6 6. Be3 cxd4 7. Bxd4 Nc6 8. Bxf6 Qxd1+ 9. Kxd1 gxf6 10. Nbd2 Bd7 11. Bd3 O-O-O 12. Kc2 Be7 13. b4 Kb8 14. Nb3 Rc8 15. Kb2 h6 16. Rhe1 Nd8 17. Rad1 Bc6 18. Be4 a6 19. Na5 Bxe4 20. Rxe4 Nc6 21. Rd7 Nxa5 22. Rxe7 Nc4+ 23. Kb3 Nd6 24. Rf4 f5 25. Rd4 Rc7 26. Rxc7 Kxc7 27. Ne5 Rg8 28. g3 f6 29. Nc4 Nxc4 30. Kxc4 Kc6 31. a4 b5+ 32. Kb3 e5 33. Rh4 Rg6 34. axb5+ axb5 35. Rh5 Kd5 36. f3 Ke6 37. Kc2 Rg8 38. Rxh6 Rg7 39. Rh8 Rb7 40. h3 Rg7 41. g4 fxg4 42. hxg4 Rd7 43. Rh6 Rg7 44. Rh8 Rd7 45. Rb8 Rd5 46. Rb6+ Kf7 47. Rc6 Ke7 48. Rc5 Kd6 49. Rxd5+ Kxd5 50. Kd3 Kd6 51. c4 bxc4+ 52. Kxc4 1-0

[Event "Mindsports Open 4th"]
[Site "London"]
[Date "2024.07.19"]
[Round "3.25"]
[White "Khoury, Theo"]
[Black "Dias, Savin"]
[Result "1-0"]
[WhiteElo "2113"]
[BlackElo "1954"]
[PlyCount "105"]
[EventDate "2024.07.18"]
[EventType "swiss"]
[EventRounds "9"]
[EventCountry "ENG"]
[SourceTitle "BritBase"]
[Source "John Saunders"]
[SourceDate "2024.08.27"]
[SourceVersion "1"]
[SourceVersionDate "2024.08.27"]
[SourceQuality "1"]

1. e4 e5 2. Nf3 Nc6 3. d4 exd4 4. Nxd4 Nf6 5. Nxc6 bxc6 6. e5 Qe7 7. Qe2 Nd5 8. h4 Qe6 9. Nd2 a5 10. g3 Ba6 11. c4 Nb4 12. Nf3 Qg6 13. Kd1 c5 14. a3 Nc6 15. h5 Qe6 16. Bd2 Be7 17. Bc3 O-O 18. Qe4 Bb7 19. Bd3 f5 20. exf6 Qxe4 21. Bxe4 Bxf6 22. Bd5+ Kh8 23. Bxf6 Rxf6 24. Nh4 Rh6 25. g4 Nd8 26. Nf5 Rb6 27. Kc2 Rb8 28. Rab1 Bxd5 29. cxd5 Nf7 30. Rhe1 Nd6 31. Nxd6 Rxd6 32. Re5 Rf6 33. Rf1 Rf4 34. g5 Rbf8 35. Re7 R4f5 36. f4 h6 37. gxh6 gxh6 38. Rxd7 Rxh5 39. Re1 Rb8 40. Ree7 Rh2+ 41. Kd3 Rhxb2 42. Rxc7 Rd8 43. Rxc5 Rb3+ 44. Ke4 Rxa3 45. d6 Ra1 46. Re6 a4 47. Rc7 a3 48. d7 Re1+ 49. Kf5 Rf8+ 50. Rf6 Rd8 51. Rc8 a2 52. Rxd8+ Kg7 53. Rg6+ 1-0

[Event "Mindsports Open 4th"]
[Site "London"]
[Date "2024.07.19"]
[Round "3.26"]
[White "Wilks, Simon"]
[Black "Karas, Eugenia"]
[Result "0-1"]
[WhiteElo "2027"]
[BlackElo "2173"]
[PlyCount "58"]
[EventDate "2024.07.18"]
[EventType "swiss"]
[EventRounds "9"]
[EventCountry "ENG"]
[SourceTitle "BritBase"]
[Source "John Saunders"]
[SourceDate "2024.08.27"]
[SourceVersion "1"]
[SourceVersionDate "2024.08.27"]
[SourceQuality "1"]

1. e4 c5 2. Nf3 d6 3. Bb5+ Bd7 4. Bxd7+ Qxd7 5. c4 e5 6. Nc3 Nc6 7. d3 g6 8. O-O Bg7 9. Ne1 Nf6 10. Nc2 O-O 11. Ne3 Nd4 12. Rb1 Kh8 13. Bd2 Ng8 14. Ned5 f5 15. f4 fxe4 16. Nxe4 Ne7 17. Nxe7 Qxe7 18. Qg4 Rae8 19. Rbe1 Qe6 20. Qxe6 Rxe6 21. fxe5 Rxf1+ 22. Rxf1 Bxe5 23. Rf7 b5 24. b3 b4 25. Rxa7 Ne2+ 26. Kf2 Nc3 27. Bxc3 bxc3 28. Ke3 Bxh2 29. Rxh7+ Kxh7 0-1

[Event "Mindsports Open 4th"]
[Site "London"]
[Date "2024.07.19"]
[Round "3.27"]
[White "Oragwu, Chukwunonso"]
[Black "Bird, Joel"]
[Result "0-1"]
[WhiteElo "2129"]
[BlackElo "1975"]
[PlyCount "126"]
[EventDate "2024.07.18"]
[EventType "swiss"]
[EventRounds "9"]
[EventCountry "ENG"]
[SourceTitle "BritBase"]
[Source "John Saunders"]
[SourceDate "2024.08.27"]
[SourceVersion "1"]
[SourceVersionDate "2024.08.27"]
[SourceQuality "1"]

1. e4 e5 2. Nf3 Nc6 3. Bb5 a6 4. Ba4 d6 5. c3 f5 6. d3 Nf6 7. Qe2 Be7 8. b4 O-O 9. h3 Kh8 10. Bb3 Qe8 11. Nbd2 fxe4 12. dxe4 Nh5 13. Nf1 Qg6 14. g4 Nf4 15. Bxf4 Rxf4 16. Ng3 Bd7 17. O-O-O Raf8 18. Nf5 Qe8 19. Rd3 g6 20. Ng3 Qb8 21. Re3 Qa7 22. Qd3 Qb6 23. Ne2 Nxb4 24. cxb4 Bb5 25. Nxf4 Bxd3 26. Nxd3 a5 27. bxa5 Qxa5 28. Kb1 b5 29. Bd5 c5 30. Rc1 c4 31. Nb2 Bd8 32. Bxc4 bxc4 33. Nxc4 Qa7 34. Rcc3 Rf4 35. Rb3 Bc7 36. g5 Qa8 37. Ncd2 Ba5 38. Ra3 Qb7+ 39. Rab3 Qc7 40. Rb2 Bxd2 41. Nxd2 Rxf2 42. Reb3 Rf7 43. Rc2 Qd8 44. h4 Rc7 45. Nc4 d5 46. Nxe5 dxe4 47. Nc6 Qd1+ 48. Rc1 Qd5 49. Rb8+ Kg7 50. Nb4 Rxc1+ 51. Kxc1 Qc4+ 52. Kb2 e3 53. Nc2 Qc7 54. Re8 Qb7+ 55. Kc1 Qh1+ 56. Kb2 Qxh4 57. Re7+ Kg8 58. Rxe3 Qxg5 59. a4 h5 60. Kb3 Qd5+ 61. Kb4 Qd2+ 62. Rc3 h4 63. Kc4 h3 0-1

[Event "Mindsports Open 4th"]
[Site "London"]
[Date "2024.07.19"]
[Round "3.28"]
[White "Large, Peter G"]
[Black "Brozel, Sacha"]
[Result "1-0"]
[WhiteElo "2311"]
[BlackElo "2124"]
[PlyCount "73"]
[EventDate "2024.07.18"]
[EventType "swiss"]
[EventRounds "9"]
[EventCountry "ENG"]
[SourceTitle "BritBase"]
[Source "John Saunders"]
[SourceDate "2024.08.27"]
[SourceVersion "1"]
[SourceVersionDate "2024.08.27"]
[SourceQuality "1"]

1. e4 e6 2. d4 d5 3. Nc3 Bb4 4. e5 c5 5. a3 Bxc3+ 6. bxc3 Qa5 7. Bd2 Qa4 8. h4 Nc6 9. h5 h6 10. Nf3 Nge7 11. Rh4 c4 12. Rg4 Rg8 13. Nh4 Bd7 14. g3 O-O-O 15. Bh3 Kb8 16. Qc1 Rde8 17. Ng2 Nc8 18. Ne3 Nb6 19. Nd1 Ne7 20. Kf1 Qa5 21. a4 Nxa4 22. Nb2 Nc8 23. Nxa4 Bxa4 24. Rf4 Ref8 25. Qa3 b5 26. Bxe6 Qd8 27. Bxf7 Rxf7 28. Rxf7 Qe8 29. Rf4 Qxh5 30. Kg1 g5 31. Rf6 Bxc2 32. Qc5 Be4 33. Qxb5+ Kc7 34. Qc6+ Kd8 35. Rxh6 Qf3 36. Bxg5+ Ne7 37. Rd6# 1-0

[Event "Mindsports Open 4th"]
[Site "London"]
[Date "2024.07.19"]
[Round "3.29"]
[White "Ethelontis, Alexandros N"]
[Black "Murawski, Jan"]
[Result "1-0"]
[WhiteElo "2001"]
[BlackElo "2121"]
[PlyCount "102"]
[EventDate "2024.07.18"]
[EventType "swiss"]
[EventRounds "9"]
[EventCountry "ENG"]
[SourceTitle "BritBase"]
[Source "John Saunders"]
[SourceDate "2024.08.27"]
[SourceVersion "1"]
[SourceVersionDate "2024.08.27"]
[SourceQuality "1"]

1. Nf3 Nf6 2. c4 e6 3. b3 d5 4. Bb2 dxc4 5. bxc4 c5 6. g3 b6 7. Bg2 Bb7 8. O-O Be7 9. Qc2 Nbd7 10. d3 O-O 11. Nc3 Rc8 12. a4 Nb8 13. a5 bxa5 14. Qa4 Nc6 15. Rfb1 Ba8 16. Nd2 Nd7 17. Nb3 Nb6 18. Qb5 Nd4 19. Nxd4 cxd4 20. Na4 Bxg2 21. Kxg2 Nxa4 22. Qxa4 Rb8 23. Ba3 Rxb1 24. Rxb1 Bxa3 25. Qxa3 Qg5 26. Qd6 h6 27. Qxd4 Qd2 28. Rb2 Qc1 29. Rb7 a6 30. Ra7 Qd1 31. Rxa6 Qxe2 32. Rxa5 Qd2 33. Ra7 Qc2 34. h4 Qb3 35. c5 Qb5 36. Qd6 Rc8 37. d4 Qd3 38. Qf4 Rf8 39. Rd7 Qc4 40. Kg1 Qa6 41. Qf3 Qa1+ 42. Kg2 Qa4 43. Qb7 Qc2 44. Qf3 e5 45. Qd5 exd4 46. Qxd4 Qg6 47. Qd5 Qe6 48. Qxe6 fxe6 49. c6 Rc8 50. c7 Kh7 51. h5 Kg8 1-0